| 000 | 01339nam0a2200313 4500 | ||
|---|---|---|---|
| 001 | RU\NLR\bibl\1212523 | ||
| 005 | 20250615105048.0 | ||
| 010 |
_a5-91108-011-7 _91000 |
||
| 035 | _a(NLR Aleph) 001198932 | ||
| 090 |
_a1764392 _c1764392 |
||
| 100 | _a20080409d2007 |||y0rusy50 ca | ||
| 101 | 0 | _arus | |
| 102 | _aRU | ||
| 105 | _aa ||||||||| | ||
| 200 | 1 |
_aЁ - моё _eкнига стихов _fОльга Краузе |
|
| 210 |
_aМосква _cКвир _d2007 |
||
| 215 |
_a134 с. _cил. _d18 |
||
| 225 | 1 | _aТемные аллеи | |
| 225 | 1 | _aРекомендует Pinx | |
| 327 | 1 | _aСодерж.: Пока белеют питерские ночи: стихотворение; циклы: ...Город, мой палач возлюбленный; Пока любовь цветет и зреет; Канава по имени жизнь; Черная ряса мне будет к лицу; На задворках Отчизны моей; Гитара по кругу. В кн. также: Кака-така любовь: интервью | |
| 686 | _aШ6(2=Р)75-5 | ||
| 700 | 1 |
_aКраузе _bО. Л. _gОльга Леопольдовна _4070 |
|
| 801 | 0 |
_aRU _bNLR _c20080409 _gRCR |
|
| 801 | 1 |
_aRU _bNLR _c20080409 |
|
| 942 | _cBOOK | ||
| 980 | _aNB | ||
| 980 | _aSUPPRESS | ||